[Event "22nd ECCC Women 2017"]
[Site "Antalya"]
[Date "2017.10.15"]
[Round "7"]
[White "Dzagnidze, Nana"]
[Black "Paehtz, Elisabeth"]
[Result "1/2-1/2"]
[WhiteElo "2520"]
[BlackElo "2453"]
[Annotator "TA"]
[PlyCount "102"]
[EventType "team-tourn"]
[EventCountry "TUR"]
[SourceTitle "playchess.com"]
[Source "ChessBase"]
[SourceQuality "1"]
[WhiteTeam "Batumi"]
[BlackTeam "Timisoara"]

{[%evp 16,102,-18,-8,14,-12,-12,-12,23,0,167,-20,-22,-11,0,0,32,29,47,27,36,22,44,0,56,0,0,0,59,0,0,0,13,13,106,0,0,1,10,0,2,0,2,0,0,0,0,0,0,0,0,0,0,0,0,0,0,0,0,0,0,0,0,0,0,0,0,0,0,0,0,0,0,0,0,0,0,0,0,0,0,0,0,0,0,0,0,0,29985]} 1. d4 d5 2. c4 dxc4 3. e4 b5 4. a4 c6 5. Nf3 e6 6. b3 Bb4+ {D21: Queen's Gambit Accepted: 3 Nf3 sidelines} (6... Nf6 7. e5 Ne4 8. bxc4 Bb4+ 9. Nbd2 bxc4 10. Bxc4 Ba6 11. Bxa6 Nxa6 12. O-O Nxd2 13. Bxd2 O-O 14. Rc1 {1-0 (36) Sasikiran,K (2675)-Golod,V (2582) playchess.com INT 2006}) 7. Bd2 Bxd2+ 8. Qxd2 Nf6 9. axb5 {LiveBook: 6 Games. And now e5 would win.} Nxe4 10. Qc2 (10. Qf4 {is interesting.} Nf6 11. bxc6 Nxc6 12. bxc4 Nb4 13. Qd2) 10... Nf6 11. bxc4 O-O 12. Bd3 cxb5 $2 {[#]} (12... Bb7 $11 {and Black has nothing to worry.}) 13. cxb5 $2 (13. Be4 $1 $18 {[%cal Re4a8]} Nxe4 14. Qxe4) 13... Bb7 {Hoping for ...Bxf3.} 14. Nbd2 Qd5 $146 15. O-O Rc8 16. Qb2 Nbd7 17. Rfc1 Rxc1+ 18. Rxc1 Qd6 19. h3 g6 (19... a6 $11) 20. Be2 ({White should play} 20. Nc4 $14 Qf4 21. Nfe5) 20... a6 21. Nc4 Qd5 ({Better is} 21... Qf8 $1 $11) 22. Ne3 (22. b6 $14) 22... Qd6 $11 23. Ne5 axb5 24. Bxb5 Nf8 (24... Rc8 $11 {remains equal.}) 25. Bc6 (25. N3g4 $16 Nxg4 26. Nxg4 (26. hxg4 Rb8 $15)) 25... Bxc6 {The position is equal.} 26. Rxc6 Rb8 27. Qa1 Qb4 $1 28. Rc7 Rb7 29. Rxb7 Qxb7 30. d5 Nxd5 31. N5g4 {[%cal Rg4h6] [#]} Nd7 $1 32. Nh6+ Kf8 33. Qh8+ Ke7 34. Qg7 Nxe3 $1 {[%csl Ge3][%cal Rb7g2]} 35. Qxf7+ Kd8 {[%csl Ge3][%cal Rb7g2]} 36. fxe3 Qb1+ 37. Kf2 Qb2+ 38. Kg3 Qe5+ 39. Qf4 {Nf7+ is the strong threat.} Ke7 40. Ng8+ Kd6 41. Kg4 h5+ 42. Kh4 Qxf4+ 43. exf4 {[%mdl 4096] Endgame KN-KN} e5 44. fxe5+ Nxe5 45. Kg5 Ke6 46. Nh6 Ke7 47. g4 (47. h4 {seems wilder.} Ke6 48. Ng8 Kf7 49. Nf6 Nd3 50. Ne4) 47... hxg4 48. Nxg4 Nxg4 49. hxg4 Kf7 50. Kf4 Ke6 51. Kg5 Ke5 $2 {[%mdl 40960] Precision: White = 54%, Black = 54%. . An unexpected result.} (51... Kf7 $11) 1/2-1/2

[Event "22nd ECCC Women 2017"]
[Site "Antalya"]
[Date "2017.10.14"]
[Round "7"]
[White "Batsiashvili, Nino"]
[Black "Cosma, Elena-Luminita"]
[Result "0-1"]
[WhiteElo "2472"]
[BlackElo "2333"]
[Annotator "TA"]
[PlyCount "78"]
[EventType "team-tourn"]
[EventCountry "TUR"]
[SourceTitle "playchess.com"]
[Source "ChessBase"]
[SourceQuality "1"]
[WhiteTeam "Batumi"]
[BlackTeam "Timisoara"]

{[%evp 10,78,29,8,28,0,36,43,41,40,41,42,61,32,39,18,19,19,62,59,73,35,25,20,41,47,56,55,47,39,44,0,33,29,52,57,52,34,63,36,32,26,42,31,36,45,60,22,27,41,45,35,64,26,81,82,81,44,39,15,26,13,19,-695,-672,-687,-686,-1097,-1010,-29998,-29999]} 1. d4 d5 2. Bf4 c6 3. e3 Qb6 4. b3 (4. Qc1 Bg4 5. h3 Bh5 6. c4 e6 7. cxd5 exd5 8. Nc3 Nd7 9. Nge2 Bg6 10. Ng3 Ne7 11. Be2 {1-0 (35) Rakhmanov,A (2653)-Ivanchuk,V (2728) Izmir 2016}) 4... Nf6 5. Bd3 Bg4 6. Nf3 {LiveBook: 3 Partien. D00: Damenbauernspiele} Nbd7 7. h3 Bh5 (7... Bxf3 $5 8. Qxf3 c5 $11) 8. O-O {Weiß steht etwas besser.} e6 9. Nbd2 Be7 10. c4 c5 11. a4 $146 ({Vorgänger:} 11. Rb1 O-O 12. Qc2 Rac8 13. Qb2 cxd4 14. exd4 dxc4 15. Nxc4 {0-1 (60) Yanik,E (2069)-Bensdorp,M (2263) Kemer 2007}) 11... O-O 12. a5 Qd8 13. Qb1 Bg6 14. Bxg6 hxg6 15. Rd1 cxd4 16. exd4 b6 17. Ne5 {Droht stark Sc6.} Rc8 18. axb6 axb6 19. Ra7 Nb8 20. Ra8 Bd6 21. Qa1 Nh5 22. Be3 Nf6 23. Bg5 Nbd7 24. Ra6 Nb8 25. Ra7 Rc7 26. Ra8 Qc8 27. Bf4 Nh5 28. Bh2 Nf6 29. Qa4 Qb7 30. Ra1 g5 31. Ra7 Qc8 (31... Qxa7 $11 32. Qxa7 Rxa7 33. Rxa7 dxc4) 32. Qb5 $16 Nfd7 33. Ndf3 {Txc7 ist eine echte Drohung.} (33. Nxd7 {is interesting.} Bxh2+ 34. Kxh2 Nxd7 35. Ra8 Qb7 36. R1a7) 33... dxc4 34. Nxd7 ({Vergiftet wäre} 34. Nxg5 $2 Rxa7 35. Rxa7 Bxe5 $19) (34. Nxc4 {seems wilder.} Rxa7 35. Rxa7 Bxh2+ 36. Kxh2 Nc6 37. Ra1) 34... Bxh2+ 35. Kxh2 Nxd7 36. bxc4 $2 {[%mdl 8192] [#]} (36. Ra8 $11 Qxa8 37. Rxa8 Rxa8 38. bxc4) 36... Rxa7 $19 37. Rxa7 Qb8+ 38. Ne5 Nxe5 39. Ra3 Nf3+ {Precision: Weiß = 43%, Schwarz = 53%.} 0-1

[Event "22nd ECCC Women 2017"]
[Site "Antalya"]
[Date "2017.10.16"]
[Round "7"]
[White "Pogonina, Natalija"]
[Black "Ince, Safiye Oyku"]
[Result "1-0"]
[WhiteElo "2466"]
[BlackElo "1861"]
[Annotator "TA"]
[PlyCount "97"]
[EventType "team-tourn"]
[EventCountry "TUR"]
[SourceTitle "playchess.com"]
[Source "ChessBase"]
[SourceQuality "1"]
[WhiteTeam "UGRA"]
[BlackTeam "Mediterranean"]

{[%evp 12,97,54,43,62,51,77,69,141,73,80,82,75,67,73,76,114,80,116,73,116,114,122,128,146,128,130,114,116,86,93,71,129,127,136,88,112,46,71,65,85,68,168,129,141,143,152,81,141,99,136,100,129,133,187,212,200,164,158,158,155,145,153,154,222,192,179,185,256,237,239,245,236,225,190,200,186,134,923,916,944,910,820,643,29981,29982,29989,29990]} 1. d4 d5 2. Nf3 Nc6 3. g3 Bg4 4. Bg2 e6 5. O-O Nf6 6. c4 Bd6 {D02: 1 d4 d5 2 Nf3 sidelines, including 2...Nf6 3 g3 and 2...Nf6 3 Bf4} 7. cxd5 {LiveBook: 14 Games} (7. Nc3 O-O 8. cxd5 Nxd5 9. e4 Nb6 10. h3 {½-½ (10) Banusz,T (2612)-Ivanisevic,I (2641) Sibenik 2016}) 7... exd5 8. Nc3 O-O {White is slightly better.} 9. Bg5 Be6 ({Black should play} 9... Be7 $14) 10. Qb3 $146 (10. Bxf6 $142 $1 gxf6 11. Nh4) ({Predecessor:} 10. Bxf6 Qxf6 11. e4 Bg4 12. Nxd5 Qe6 13. Re1 {1-0 (36) Kesik,K (2228)-Heunemann,D (2085) Forchheim 2011}) 10... Na5 $16 11. Qb5 c6 12. Bxf6 $1 gxf6 13. Qd3 f5 14. e3 Kh8 15. Ne2 Qf6 16. b3 Rg8 17. Nf4 Rac8 18. Rac1 b6 19. Kh1 Rc7 20. Bh3 Nb7 21. Nh4 {[%cal Rh3f5]} Rg5 (21... Bxf4 $142 22. exf4 Nd6) 22. Rc2 Nd8 23. Nfg2 Rh5 24. f4 (24. Rd1 $16) 24... Be7 25. Ne1 c5 26. Qd1 Qh6 (26... Rh6 $14) 27. Nef3 Nc6 28. dxc5 bxc5 {[#]} 29. Bg2 ({Better is} 29. Ng5 $1 {[%mdl 512]}) 29... Rd7 (29... Nb4 $142) 30. Rd2 Bf6 31. Qc2 Be7 32. Rfd1 d4 (32... Kg8 $16 33. a3 Qf8) 33. exd4 $18 Nxd4 34. Nxd4 cxd4 35. Rxd4 Rxd4 36. Rxd4 Bxh4 37. gxh4 Qf6 (37... Rxh4 $16 {might work better.} 38. Qc3 (38. Rd8+ Kg7 $11) 38... f6) 38. Qc3 $1 {aiming for Rd8+.} Kg7 39. h3 $1 $40 {[%mdl 128] White goes for the king.} Rxh4 (39... Rh6 $142 40. Qg3+ Rg6) 40. Qg3+ $1 Kf8 41. Rb4 {Threatens to win with Rb8+.} Qd8 {[#]} 42. Qc3 $1 {[%cal Rc3h8]} Kg8 {[#]} 43. Kh2 $1 Qd6 44. Qd4 (44. Rd4 $18 Qb6 45. Qd2) 44... Qc7 $2 {[%mdl 8192]} (44... Qxd4 $16 45. Rxd4 Kg7) 45. Qf6 Rh5 46. Rd4 Bd7 47. Qe7 Rxh3+ 48. Bxh3 Qc2+ 49. Bg2 {Precision: White = 51%, Black = 42%.} 1-0

[Event "22nd ECCC Women 2017"]
[Site "Antalya"]
[Date "2017.10.16"]
[Round "7"]
[White "Shvayger, Yuliya"]
[Black "Kashlinskaya, Alina"]
[Result "1/2-1/2"]
[WhiteElo "2442"]
[BlackElo "2455"]
[Annotator "TA"]
[PlyCount "61"]
[EventType "team-tourn"]
[EventCountry "TUR"]
[SourceTitle "playchess.com"]
[Source "ChessBase"]
[SourceQuality "1"]
[WhiteTeam "Beer Sheva"]
[BlackTeam "Legacy Square Capital"]

{[%evp 13,61,0,0,0,0,-15,-10,-15,0,-9,0,0,0,0,0,-10,26,10,26,18,15,18,4,12,6,16,22,7,21,0,70,65,110,64,81,68,55,45,66,0,0,0,0,0,0,0,0,0,0,0]} 1. e4 e5 2. Nf3 Nc6 3. Nc3 Nf6 4. Bb5 Nd4 5. Bc4 Bc5 6. d3 d6 7. Nxd4 Bxd4 {LiveBook: 18 Games. C48: Four Knights: 4 Bb5, replies other than 4...Bb4} 8. Qf3 (8. Be3 Be6 9. Bxd4 exd4 10. Ne2 c5 11. Bxe6 fxe6 12. O-O O-O 13. c3 Qb6 14. cxd4 cxd4 15. Qd2 Rac8 16. h3 Rf7 17. Rac1 Rfc7 18. Rxc7 Rxc7 19. Rc1 {½-½ (19) Badev,K (2351)-Drenchev,P (2491) Plovdiv 2015}) 8... c6 9. Bb3 $146 ({Predecessor:} 9. O-O O-O 10. h3 a5 11. a4 Be6 12. Bg5 h6 13. Bxf6 Qxf6 14. Qxf6 gxf6 15. g4 Bxc3 {½-½ (15) Almarza Mato,C (2105)-Dunlop,G (2303) ICCF email 2012}) 9... a5 {[#] Hoping for ...Bxc3+.} 10. a4 Qe7 11. O-O h6 12. Be3 O-O 13. Bxd4 exd4 14. Nb1 Bg4 15. Qg3 Be6 16. Bxe6 fxe6 17. e5 dxe5 18. Qxe5 Qb4 19. b3 Rae8 20. Na3 Qc3 21. Qe1 (21. Rfc1 {with more complications.} Ng4 22. Qe1 Qc5 23. f3 Ne3 24. Nc4) 21... Nd5 (21... Qc5 $1 $11) 22. Qxc3 $14 dxc3 23. Nc4 Nb4 24. Rac1 b5 25. Ne3 ({But not} 25. Nxa5 Rf7 $17) 25... Nd5 26. Ra1 ({White should play} 26. Rfe1 $1 $14) 26... Nxe3 $11 {The position is equal.} 27. fxe3 b4 28. Rxf8+ Rxf8 29. Rf1 Rxf1+ 30. Kxf1 e5 31. e4 {Precision: White = 53%, Black = 64%.} 1/2-1/2

[Event "22nd ECCC Women 2017"]
[Site "Antalya"]
[Date "2017.10.14"]
[Round "7"]
[White "Nechaeva, Marina"]
[Black "Ozbek, Busra"]
[Result "1-0"]
[WhiteElo "2431"]
[BlackElo "1850"]
[Annotator "TA"]
[PlyCount "89"]
[EventType "team-tourn"]
[EventCountry "TUR"]
[SourceTitle "playchess.com"]
[Source "ChessBase"]
[SourceQuality "1"]
[WhiteTeam "UGRA"]
[BlackTeam "Mediterranean"]

{[%evp 20,88,34,22,79,79,75,85,113,91,95,73,100,108,101,94,178,142,152,155,142,103,166,134,270,259,271,276,378,363,487,485,482,466,456,449,428,420,678,664,716,506,510,429,420,423,439,0,404,350,893,885,1837,1789,1989,1961,29985,29986,3209,2586,2623,2091,5458,5113,29990,29991,29993,29992,29998,29999,29999]} 1. d4 g6 2. c4 Bg7 3. Nf3 d6 4. Nc3 Nf6 5. g3 O-O 6. Bg2 c6 7. O-O Qa5 8. e4 e5 9. h3 Nbd7 10. Be3 exd4 11. Nxd4 Re8 {E69: King's Indian: Fianchetto: 6...Nbd7 7 0-0 e5 8 e4 c6 9 h3} (11... Nb6 $11) (11... Ne5 12. Nb3 Qc7 13. Nd2 Be6 14. b3 Rfe8 15. Qc2 a6 16. Rfe1 c5 17. Nd5 Qa5 18. Bg5 Nfd7 19. Rad1 Nc6 {1-0 (39) Movsesian,S (2699)-Tkachiev,V (2649) Khanty-Mansiysk 2013}) 12. Qc2 $16 a6 13. Rad1 {[#]} Nc5 $146 {White is better.} ({Predecessor:} 13... Qc7 14. Nce2 Nc5 15. f3 a5 16. Bf2 Bd7 17. Nc3 Rad8 18. f4 Ne6 19. Nf3 {0-1 (43) Paehtz,E (2452)-Ju,W (2514) Beijing 2013}) 14. Bf4 Rd8 15. Rfe1 Nh5 16. Be3 Ne6 17. Nb3 Qe5 (17... Qc7 $16 {was worth a try.}) 18. Bb6 Re8 19. Qd2 Bf8 20. f4 Qf6 (20... Nexf4 $16 {might work better.} 21. gxf4 Nxf4) 21. Bf2 Rb8 {[#]} (21... Nhxf4 $16 {keeps fighting.} 22. gxf4 Nxf4) 22. f5 $1 $18 {[%mdl 512]} gxf5 23. exf5 {Strongly threatening Ne4.} Nc7 24. Ne4 Qd8 25. g4 Ng7 26. Bd4 {[#] Hoping for Nf6+.} Rxe4 27. Bxe4 ({Don't take} 27. Rxe4 Bd7 $18) 27... Qh4 28. Kg2 d5 (28... Nge8 $142 29. Bf2 Qd8) 29. cxd5 cxd5 30. Bf2 Qf6 31. Bf3 Bd7 32. Qd4 Qg5 33. Qd2 Qf6 $1 34. Qc3 Qd6 $2 (34... Qxc3 35. bxc3 Bc6) 35. Bg3 Qb4 36. Qxc7 Re8 37. Qxd7 Rxe1 38. Rxe1 Qb5 39. Qxb5 axb5 40. Bxd5 Bb4 41. Rc1 {White wants to mate with Rc8+.} h5 42. Rc8+ {White mates.} Kh7 43. Bxf7 hxg4 44. Bg6+ Kh6 45. Bf4# {Precision: White = 54%, Black = 31%.} 1-0

[Event "22nd ECCC Women 2017"]
[Site "Antalya"]
[Date "2017.10.16"]
[Round "7"]
[White "Zhukova, Natalia"]
[Black "Richard, Emma"]
[Result "1-0"]
[WhiteElo "2426"]
[BlackElo "2086"]
[Annotator "TA"]
[PlyCount "71"]
[EventType "team-tourn"]
[EventCountry "TUR"]
[SourceTitle "playchess.com"]
[Source "ChessBase"]
[SourceQuality "1"]
[WhiteTeam "Bossa Nova"]
[BlackTeam "Mulhouse Philidor"]

{[%evp 12,71,72,57,93,50,95,88,182,160,165,180,260,271,360,268,273,270,283,265,382,379,455,279,329,246,374,324,333,303,283,274,294,294,324,306,401,406,400,410,395,406,442,442,429,424,412,409,403,410,397,381,424,415,428,419,824,822,29977,29978,29978,29979]} 1. d4 Nf6 2. c4 e6 3. Nc3 Bb4 4. Nf3 O-O 5. Bg5 c5 6. e3 Qa5 {[#]} 7. Bxf6 $1 {LiveBook: 9 Games. And now Be7 would win. E21: Nimzo-Indian: 4 Nf3} gxf6 (7... Bxc3+ 8. bxc3 Qxc3+ 9. Nd2 gxf6 10. Rc1 Qa3 11. d5 Kh8 12. g3 f5 13. Bg2 d6 14. O-O e5 {1-0 (39) Hracek,Z (2613)-Djurovic,G (2398) Bol 2015}) 8. Rc1 $146 ({Predecessor:} 8. Qc1 cxd4 9. exd4 b6 10. Bd3 Kg7 11. h4 Bb7 12. Rh3 Bxc3+ 13. bxc3 Rh8 14. Kf1 Kf8 15. d5 Na6 16. Nd4 Qc5 17. Qh6+ Ke7 18. Rf3 Raf8 19. Qxf6+ Ke8 20. Nf5 Rhg8 21. d6 {1-0 (21) Sorri,K (2305)-Johansson,J (2415) Helsinki 1991}) 8... cxd4 9. exd4 {White is better.} e5 (9... Qxa2 $16 10. Qd2 Bxc3 11. Rxc3 (11. Qxc3 Nc6 $16) (11. bxc3 Qxd2+ 12. Nxd2 f5 $11) 11... Qb1+ 12. Rc1 Qe4+ 13. Be2 d5) 10. a3 Bxc3+ 11. Rxc3 e4 (11... d5 $142 12. dxe5 Nc6) 12. Nd2 $18 Re8 13. c5 d5 14. cxd6 Nc6 15. Bc4 e3 (15... Kh8 {keeps fighting.} 16. O-O Qg5) 16. fxe3 Qg5 17. Kf2 f5 18. Qf3 Qf6 (18... Rd8 $142 19. h4 Qh6 20. Qg3+ Qg6 21. Qxg6+ hxg6) 19. Qg3+ Kh8 20. Nf3 Re4 21. Qg5 Qxd6 22. Qh5 ({Much less strong is} 22. Bxf7 Rg4 $18) 22... f6 23. Bd3 Bd7 24. Bxe4 fxe4 25. Nd2 {[%cal Bf3d2,Bd2e4,Be4f6][%mdl 32]} f5 26. Qh4 f4 {and the idea ...fxe3+ leaves Black hopeful.} 27. Nxe4 fxe3+ 28. Ke1 Qxd4 {intending ...Rf8.} 29. Qf6+ Qxf6 30. Nxf6 Bf5 31. Rxe3 Kg7 32. Ne8+ Kg8 33. Nd6 Bd7 (33... Bg6 $142 34. Rf1 b6) 34. Rf1 {[#] Threatening mate with Rg3+.} h6 35. Rg3+ Kh8 36. Rf6 {Precision: White = 83%, Black = 28%.} 1-0

[Event "22nd ECCC Women 2017"]
[Site "Antalya"]
[Date "2017.10.14"]
[Round "7"]
[White "Kovalevskaya, Ekaterina"]
[Black "Klinova, Masha"]
[Result "1/2-1/2"]
[WhiteElo "2411"]
[BlackElo "2289"]
[Annotator "TA"]
[PlyCount "35"]
[EventType "team-tourn"]
[EventCountry "TUR"]
[SourceTitle "playchess.com"]
[Source "ChessBase"]
[SourceQuality "1"]
[WhiteTeam "Legacy Square Capital"]
[BlackTeam "Beer Sheva"]

{[%evp 21,35,31,37,39,24,28,39,0,0,0,29,0,0,0,33,0]} 1. Nf3 Nf6 2. g3 g6 3. Bg2 Bg7 4. O-O O-O 5. d4 d6 6. Re1 Nbd7 7. e4 e5 8. Nc3 c6 9. a4 Re8 10. h3 exd4 11. Nxd4 Nc5 {LiveBook: 14 Partien} 12. Bf4 {B07: Pirc-Ufimzew-Verteidigung} Nh5 13. Be3 Nf6 {[%cal Rf6e4]} 14. Bf4 $146 ({Vorgänger:} 14. f3 a5 15. Qd2 Qc7 16. Nde2 Be6 17. Nf4 Bc4 18. Rad1 Rad8 19. b3 Ba6 {½-½ (38) Kovalevskaya,E (2466)-Ding,L (2199) Harbin 2016}) 14... Nh5 15. Be3 Nf6 $1 {[%cal Rf6e4]} 16. Bf4 Nh5 17. Be3 Nf6 $1 {[%cal Rf6e4]} 18. Bf4 1/2-1/2

[Event "22nd ECCC Women 2017"]
[Site "Antalya"]
[Date "2017.10.14"]
[Round "7"]
[White "Mammadova, Gulnar"]
[Black "Hereklioglu, Sude"]
[Result "1/2-1/2"]
[WhiteElo "2385"]
[BlackElo "2165"]
[Annotator "NA"]
[PlyCount "69"]
[EventType "team-tourn"]
[EventCountry "TUR"]
[SourceTitle "playchess.com"]
[Source "ChessBase"]
[SourceQuality "1"]
[WhiteTeam "Odlar Yurdu"]
[BlackTeam "Marmara"]
[TimeControl "40/5400+30:1800+30"]

1. e4 {[%emt 0:00:30]} c5 {[%emt 0:01:00]} 2. Nf3 {[%emt 0:00:30]} e6 {[%emt 0:00:30]} 3. b3 {[%emt 0:00:00]} b6 {[%emt 0:00:00]} 4. c4 {[%emt 0:00:00]} Bb7 {[%emt 0:01:00]} 5. Nc3 {[%emt 0:00:00]} d6 {[%emt 0:00:00]} 6. d4 {[%emt 0:00:00]} cxd4 {[%emt 0:00:00]} 7. Nxd4 {[%emt 0:00:30]} Nf6 {[%emt 0:00:30]} 8. Bd3 {[%emt 0:01:30]} Nbd7 {[%emt 0:00:30]} 9. Qe2 {[%emt 0:01:30]} Be7 {[%emt 0:00:30]} 10. O-O {[%emt 0:01:30]} O-O {[%emt 0:01:30]} 11. Bb2 {[%emt 0:00:30]} a6 {[%emt 0:03:30]} 12. Rfd1 {[%emt 0:03:30]} Qc7 {[%emt 0:02:30]} 13. Rac1 {[%emt 0:01:30]} Rac8 {[%emt 0:01:30]} 14. Bb1 {[%emt 0:03:30]} Rfe8 {[%emt 0:02:30]} 15. Na4 {[%emt 0:03:30]} Nc5 {[%emt 0:02:30]} 16. Nxc5 {[%emt 0:04:30]} bxc5 {[%emt 0:05:30]} 17. Nf3 {[%emt 0:00:30]} e5 {[%emt 0:00:30]} 18. Rc3 {[%emt 0:04:30]} Nd7 {[%emt 0:11:30]} 19. Bc1 {[%emt 0:02:30]} Nf8 {[%emt 0:01:30]} 20. h4 {[%emt 0:05:30]} Ne6 {[%emt 0:00:30]} 21. h5 {[%emt 0:04:30]} Qc6 {[%emt 0:09:30]} 22. Ne1 {[%emt 0:07:30]} Bg5 {[%emt 0:06:30]} 23. Qg4 {[%emt 0:07:30]} Bxc1 {[%emt 0:07:30]} 24. Rdxc1 {[%emt 0:00:30]} Nf4 {[%emt 0:01:30]} 25. Re3 {[%emt 0:04:30]} Rf8 {[%emt 0:15:30]} 26. Nf3 {[%emt 0:08:30]} Rce8 {[%emt 0:04:30]} 27. Nh4 {[%emt 0:01:30]} Bc8 {[%emt 0:02:56]} 28. Qf3 {[%emt 0:00:30]} g5 {[%emt 0:00:48]} 29. Nf5 {[%emt 0:07:30]} Bxf5 {[%emt 0:04:52]} 30. exf5 {[%emt 0:00:30]} Qxf3 {[%emt 0:00:30]} 31. gxf3 {[%emt 0:00:30]} Rb8 {[%emt 0:00:30]} 32. h6 {[%emt 0:00:30]} f6 {[%emt 0:00:30]} 33. Kf1 {[%emt 0:02:30]} Kf7 {[%emt 0:00:34]} 34. Rd1 {[%emt 0:02:30]} Ke7 {[%emt 0:00:33]} 35. Be4 {[%emt 0:01:30]} 1/2-1/2

[Event "22nd ECCC Women 2017"]
[Site "Antalya"]
[Date "2017.10.16"]
[Round "7"]
[White "Savina, Anastasia"]
[Black "Ovechkin, Lilia"]
[Result "1-0"]
[WhiteElo "2350"]
[BlackElo "1779"]
[Annotator "ChessBase"]
[PlyCount "99"]
[EventType "team-tourn"]
[EventCountry "TUR"]
[SourceTitle "playchess.com"]
[Source "ChessBase"]
[SourceQuality "1"]
[WhiteTeam "Legacy Square Capital"]
[BlackTeam "Beer Sheva"]
[TimeControl "40/5400+30:1800+30"]

1. d4 {[%emt 0:00:30]} d5 {[%emt 0:01:00]} 2. c4 {[%emt 0:00:00]} e6 {[%emt 0:02:30]} 3. Nc3 {[%emt 0:00:00]} Bd6 {[%emt 0:03:30]} 4. Nf3 {[%emt 0:03:30]} c6 {[%emt 0:00:30]} 5. e4 {[%emt 0:01:30]} dxe4 {[%emt 0:02:30]} 6. Nxe4 {[%emt 0:00:30]} Bb4+ {[%emt 0:00:30]} 7. Bd2 {[%emt 0:01:30]} Bxd2+ {[%emt 0:04:30]} 8. Qxd2 {[%emt 0:00:30]} Nf6 {[%emt 0:01:30]} 9. Bd3 {[%emt 0:02:30]} Nxe4 {[%emt 0:09:30]} 10. Bxe4 {[%emt 0:00:30]} Nd7 {[%emt 0:01:30]} 11. Rd1 {[%emt 0:03:30]} Nf6 {[%emt 0:02:30]} 12. Bb1 {[%emt 0:00:00]} O-O {[%emt 0:04:30]} 13. O-O {[%emt 0:01:00]} b6 {[%emt 0:02:30]} 14. Qc2 {[%emt 0:04:30]} Bb7 {[%emt 0:02:30]} 15. Rfe1 {[%emt 0:02:30]} Qd6 {[%emt 0:04:30]} 16. Ne5 {[%emt 0:05:30]} g6 {[%emt 0:03:30]} 17. c5 {[%emt 0:09:30]} Qc7 {[%emt 0:03:30]} 18. Rd3 {[%emt 0:08:30]} Nd7 {[%emt 0:08:30]} 19. h4 {[%emt 0:13:30]} Rfd8 {[%emt 0:09:30]} 20. Ng4 {[%emt 0:16:30]} Qf4 {[%emt 0:04:30]} 21. Rg3 {[%emt 0:03:30]} Qxd4 {[%emt 0:02:30]} 22. h5 {[%emt 0:10:37]} Qxc5 {[%emt 0:00:30]} 23. hxg6 {[%emt 0:02:28]} hxg6 {[%emt 0:11:11]} 24. Nh6+ {[%emt 0:00:57]} Kf8 {[%emt 0:01:43]} 25. Rf3 {[%emt 0:02:05]} f5 {[%emt 0:03:58]} 26. Rxe6 {[%emt 0:02:34]} Qxc2 {[%emt 0:00:50]} 27. Bxc2 {[%emt 0:00:03]} Kg7 {[%emt 0:00:40]} 28. Rg3 {[%emt 0:00:54]} Nf8 {[%emt 0:01:50]} 29. Nxf5+ {[%emt 0:02:18]} Kf7 {[%emt 0:01:07]} 30. Re7+ {[%emt 0:00:44]} Kf6 {[%emt 0:00:22]} 31. Rxb7 {[%emt 0:00:31]} gxf5 {[%emt 0:00:18]} 32. Rgg7 {[%emt 0:00:44]} Rd5 {[%emt 0:01:50]} 33. Rbf7+ {[%emt 0:01:02]} Ke5 {[%emt 0:01:27]} 34. Rxf5+ {[%emt 0:00:12]} Kd4 {[%emt 0:00:10]} 35. Rf6 {[%emt 0:02:17]} Re8 {[%emt 0:01:35]} 36. Rg4+ {[%emt 0:00:32]} Kc5 {[%emt 0:00:30]} 37. g3 {[%emt 0:00:27]} Nd7 {[%emt 0:01:09]} 38. b4+ {[%emt 0:00:28]} Kb5 {[%emt 0:00:44]} 39. a4+ {[%emt 0:00:05]} Ka6 {[%emt 0:00:00]} 40. Rxc6 {[%emt 0:00:00]} Ne5 {[%emt 0:01:36]} 41. Re4 {[%emt 0:10:02]} Rd2 {[%emt 0:08:30]} 42. Rc7 {[%emt 0:03:43]} b5 {[%emt 0:10:04]} 43. axb5+ {[%emt 0:04:32]} Kb6 {[%emt 0:00:35]} 44. Rc5 {[%emt 0:07:34]} Nf3+ {[%emt 0:01:51]} 45. Kg2 {[%emt 0:00:30]} Ne1+ {[%emt 0:00:30]} 46. Kf1 {[%emt 0:06:22]} Rf8 {[%emt 0:02:55]} 47. Kxe1 {[%emt 0:00:30]} Rdxf2 {[%emt 0:00:30]} 48. Re6+ {[%emt 0:00:30]} Kb7 {[%emt 0:00:30]} 49. Be4+ {[%emt 0:00:30]} Kb8 {[%emt 0:00:30]} 50. Re7 {[%emt 0:01:30]} 1-0